书目信息 |
| 000 | 00457nam0 2200169 45 | |
| 001 | 0006211601 | |
| 005 | 20170613145508.69 | |
| 010 | @d7.00元 | |
| 100 | @a20000621d km y0chiy0120 ea | |
| 101 | 0 | @achi |
| 200 | 1 | @a园林绿化树种选择@AYuan Lin Lu Hua Shu Zhong Xuan Ze@f谭伯禹主编@FTan Bo Yu Zhu Bian |
| 215 | @a451页@d16开 | |
| 606 | 0 | @a园艺 |
| 690 | @aS602@v3 | |
| 701 | 0 | @a谭伯禹@4主编 |
| 801 | @aCN@bPftUser@c20000621 | |
| 905 | @b208174-175@dS602@eT907@f2 | |
| 园林绿化树种选择/谭伯禹主编 |
| 451页;16开 |
| ISBN :7.00元 |
| ● |
| 相关链接 |
|
|
|
正题名:园林绿化树种选择
索取号:S602/T907
 
预约/预借
| 序号 | 登录号 | 条形码 | 馆藏地/架位号 | 状态 | 备注 |
| 1 | 1236868 | 212368686 | 自科库401/401自科库 67排6列4层/ [索取号:S602/T907] | 在馆 | |
| 2 | 208174 | 202081745 | 自科库401/401自科库 67排6列4层/ [索取号:S602/T907] | 在馆 | |
| 3 | 208175 | 202081754 | 自科库401/401自科库 67排6列4层/ [索取号:S602/T907] | 在馆 |